| 000 | 00587nam a2200145Ia 4500 | ||
|---|---|---|---|
| 008 | 151213s9999 xx 000 0 und d | ||
| 100 | _aমাও: মুহা: আব্দুর রহীম। | ||
| 245 |
_aউন্নত জীবনের আদর্শ। _cমাও: মুহা: আব্দুর রহীম। |
||
| 260 |
_aঢাকা _bখায়রুন প্রকাশনী। _c2008 |
||
| 300 | _a10986 p. | ||
| 650 | _aBangla | ||
| 650 | _aইসলামী বই | ||
| 700 | _aমাও: মুহা: আব্দুর রহীম। | ||
| 999 |
_c4958 _d4958 |
||